000 02854cam a2200289 4500500
005 20260208001857.0
041 _afre
042 _adc
100 1 0 _aBretesché, Thibault
_eauthor
245 0 0 _aLe règlement (UE) n° 1143/2014 relatif à la prévention et à la gestion de l’introduction et de la propagation des espèces exotiques envahissantes du 22 octobre 2014 : un nouvel instrument communautaire au service de la protection de la biodiversité
260 _c2015.
500 _a100
520 _aLe règlement (UE) n° 1143/2014 du 22 octobre 2014 est une importante contribution à l’harmonisation au niveau communautaire de la réglementation relative à la prévention et à la gestion de l’introduction et de la propagation des espèces exotiques envahissantes (EEE).Le nouveau règlement place, de manière restrictive mais pragmatique, un système de liste positive « d’espèces exotiques envahissantes considérées comme préoccupantes pour l’Union » au cœur du dispositif.Il consacre également au niveau communautaire, l’approche hiérarchique en trois étapes (prévention, éradication, contrôle) promue de longue date par le droit international. Cette approche permet une gestion globale et intégrée des EEE.Il convient toutefois de déplorer l’absence de mécanisme financier spécifiquement dédiés à la mise en œuvre d’un règlement ambitieux par ses mesures mais limité dans ses moyens.
520 _aRegulation (EU) No 1143/2014 of 22 October 2014 is an important contribution to the harmonization at EU level of the prevention and management of the introduction and spread of invasive alien species (IAS).The core measure of the new regulation is a list of “invasive alien species of Union concern.” This positive list system emphasizes the restrictive but pragmatic approach of the new regulation.It also implements at Union level, the three-step hierarchical approach (prevention, eradication and control), endorsed for a long time by international law. This is an integrated and comprehensive approach of the management of IAS.Nevertheless, one can regret the lack of financial mechanisms dedicated to this highly ambitious but not well funded regulation.
690 _aapproche hiérarchique en trois étapes
690 _abiodiversité
690 _aespèce exotique envahissante
690 _agestion intégrée
690 _ainvasion biologique
690 _abiodiversity
690 _abiological invasion
690 _aintegrated management
690 _ainvasive alien species
690 _athree-step hierarchical approach
786 0 _nRevue juridique de l’environnement | Volume 40 | 4 | 2015-12-17 | p. 631-648 | 0397-0299
856 4 1 _uhttps://droit.cairn.info/revue-juridique-de-l-environnement-2015-4-page-631?lang=fr&redirect-ssocas=7080
999 _c1645598
_d1645598